000
00248nam a22001097a 4500
082
_a
005.7565 STU'I
100
_a
STULTZ, R.A
_9
66342
245
_a
THE ILLUSTRATED DBASE III PLUS BOOK
260
_a
DELHI
_b
BPB
_c
1987
300
_a
373P
942
_c
BK
999
_c
574321
_d
574321